[Event "Top 12 2021"]
[Site "Chalons en Champagne, France"]
[Date "2021.07.04"]
[Round "11.1"]
[White "Kirk, Ezra AGE"]
[Black "Duboue, Peio ERD"]
[Result "1-0"]
[WhiteElo "2447"]
[BlackElo "2412"]

1. e4 {[%clk 01:30:57]} {[%emt 00:00:02]} c6 {[%clk 01:30:57]} {[%emt
00:00:04]} 2. d4 {[%clk 01:31:12]} {[%emt 00:00:14]} d5 {[%clk 01:31:22]}
{[%emt 00:00:05]} 3. e5 {[%clk 01:31:18]} {[%emt 00:00:24]} c5 {[%clk
01:31:46]} {[%emt 00:00:05]} 4. Nf3 {[%clk 01:30:48]} {[%emt 00:01:00]} cxd4
{[%clk 01:31:29]} {[%emt 00:00:47]} 5. Nxd4 {[%clk 01:31:11]} {[%emt 00:00:07]}
Nc6 {[%clk 01:31:23]} {[%emt 00:00:37]} 6. c4 {[%clk 01:30:47]} {[%emt
00:00:53]} e6 {[%clk 01:29:49]} {[%emt 00:02:04]} 7. Nc3 {[%clk 01:30:27]}
{[%emt 00:00:50]} Bc5 {[%clk 01:29:39]} {[%emt 00:00:40]} 8. Nxc6 {[%clk
01:30:48]} {[%emt 00:00:10]} bxc6 {[%clk 01:30:06]} {[%emt 00:00:03]} 9. cxd5
{[%clk 01:31:09]} {[%emt 00:00:08]} exd5 {[%clk 01:29:58]} {[%emt 00:00:37]} 10.
Bd3 {[%clk 01:29:11]} {[%emt 00:02:29]} Ne7 {[%clk 01:30:12]} {[%emt 00:00:16]}
11. O-O {[%clk 01:23:52]} {[%emt 00:05:49]} Bf5 {[%clk 01:30:35]} {[%emt
00:00:06]} 12. Bg5 {[%clk 01:10:03]} {[%emt 00:14:20]} Bxd3 {[%clk 01:30:53]}
{[%emt 00:00:12]} 13. Qxd3 {[%clk 01:10:19]} {[%emt 00:00:14]} O-O {[%clk
01:31:18]} {[%emt 00:00:05]} 14. Rac1 {[%clk 01:06:00]} {[%emt 00:04:49]} Bb6
{[%clk 01:30:42]} {[%emt 00:01:05]} 15. Na4 {[%clk 01:01:40]} {[%emt 00:04:50]}
Qd7 {[%clk 01:31:05]} {[%emt 00:00:08]} 16. Be3 {[%clk 00:56:49]} {[%emt
00:05:20]} Qe6 {[%clk 01:25:34]} {[%emt 00:06:01]} 17. Nc5 {[%clk 00:48:25]}
{[%emt 00:08:54]} Qf5 {[%clk 01:13:16]} {[%emt 00:12:48]} 18. Rfe1 {[%clk
00:37:10]} {[%emt 00:11:44]} Rfe8 {[%clk 01:09:17]} {[%emt 00:04:29]} 19. Qxf5
{[%clk 00:34:53]} {[%emt 00:02:47]} Nxf5 {[%clk 01:09:41]} {[%emt 00:00:06]} 20.
Bd2 {[%clk 00:35:03]} {[%emt 00:00:19]} Rac8 {[%clk 01:06:16]} {[%emt
00:03:55]} 21. b4 {[%clk 00:31:41]} {[%emt 00:03:53]} h6 {[%clk 00:58:23]}
{[%emt 00:08:22]} 22. Kf1 {[%clk 00:30:07]} {[%emt 00:02:04]} Re7 {[%clk
00:57:50]} {[%emt 00:01:03]} 23. Nd3 {[%clk 00:29:08]} {[%emt 00:01:29]} Nd4
{[%clk 00:54:29]} {[%emt 00:03:51]} 24. Be3 {[%clk 00:22:48]} {[%emt 00:06:51]}
Nb5 {[%clk 00:41:49]} {[%emt 00:13:10]} 25. Bc5 {[%clk 00:20:14]} {[%emt
00:03:04]} Bxc5 {[%clk 00:37:32]} {[%emt 00:04:47]} 26. Rxc5 {[%clk 00:20:38]}
{[%emt 00:00:06]} Nd4 {[%clk 00:36:20]} {[%emt 00:01:41]} 27. Rd1 {[%clk
00:17:41]} {[%emt 00:03:27]} Rec7 {[%clk 00:34:28]} {[%emt 00:02:22]} 28. Nf4
{[%clk 00:13:30]} {[%emt 00:04:41]} Ne6 {[%clk 00:24:26]} {[%emt 00:10:33]} 29.
Nxe6 {[%clk 00:13:54]} {[%emt 00:00:06]} fxe6 {[%clk 00:24:54]} {[%emt
00:00:01]} 30. Rdc1 {[%clk 00:14:15]} {[%emt 00:00:09]} Kf7 {[%clk 00:18:06]}
{[%emt 00:07:18]} 31. b5 {[%clk 00:12:58]} {[%emt 00:01:47]} Ke8 {[%clk
00:17:55]} {[%emt 00:00:41]} 32. bxc6 {[%clk 00:11:05]} {[%emt 00:02:24]} Rb8
{[%clk 00:18:07]} {[%emt 00:00:18]} 33. Ke2 {[%clk 00:09:07]} {[%emt 00:02:28]}
Kd8 {[%clk 00:14:41]} {[%emt 00:03:56]} 34. f3 {[%clk 00:06:43]} {[%emt
00:02:53]} Rb2+ {[%clk 00:11:43]} {[%emt 00:03:28]} 35. R1c2 {[%clk 00:07:06]}
{[%emt 00:00:07]} Rxc2+ {[%clk 00:11:57]} {[%emt 00:00:16]} 36. Rxc2 {[%clk
00:07:30]} {[%emt 00:00:06]} Rc8 {[%clk 00:11:56]} {[%emt 00:00:32]} 37. f4
{[%clk 00:04:52]} {[%emt 00:03:08]} Kc7 {[%clk 00:10:57]} {[%emt 00:01:29]} 38.
g4 {[%clk 00:04:53]} {[%emt 00:00:29]} Rf8 {[%clk 00:03:26]} {[%emt 00:08:00]}
39. Ke3 {[%clk 00:04:54]} {[%emt 00:00:29]} g6 {[%clk 00:03:44]} {[%emt
00:00:12]} 40. h3 {[%clk 00:32:45]} {[%emt 00:02:39]} Rf7 {[%clk 00:33:51]}
{[%emt 00:00:23]} 41. a4 {[%clk 00:30:11]} {[%emt 00:03:04]} Rf8 {[%clk
00:31:29]} {[%emt 00:02:52]} 42. a5 {[%clk 00:27:14]} {[%emt 00:03:27]} Rf7
{[%clk 00:29:14]} {[%emt 00:02:44]} 43. h4 {[%clk 00:23:03]} {[%emt 00:04:42]}
Rf8 {[%clk 00:29:22]} {[%emt 00:00:22]} 44. Rc1 {[%clk 00:21:10]} {[%emt
00:02:23]} Rf7 {[%clk 00:26:26]} {[%emt 00:03:26]} 45. Rc2 {[%clk 00:14:39]}
{[%emt 00:07:00]} Rf8 {[%clk 00:26:30]} {[%emt 00:00:25]} 46. a6 {[%clk
00:11:17]} {[%emt 00:03:54]} Rb8 {[%clk 00:20:42]} {[%emt 00:06:17]} 47. f5
{[%clk 00:10:05]} {[%emt 00:01:42]} Rb3+ {[%clk 00:21:07]} {[%emt 00:00:05]} 48.
Kd4 {[%clk 00:05:52]} {[%emt 00:04:44]} Rb4+ {[%clk 00:21:27]} {[%emt
00:00:10]} 49. Kc5 {[%clk 00:05:45]} {[%emt 00:00:37]} Rb6 {[%clk 00:21:54]}
{[%emt 00:00:03]} 50. Rf2 {[%clk 00:05:03]} {[%emt 00:01:11]} Rxc6+ {[%clk
00:21:58]} {[%emt 00:00:27]} 51. Kb5 {[%clk 00:05:28]} {[%emt 00:00:05]} Rb6+
{[%clk 00:21:18]} {[%emt 00:01:10]} 52. Ka5 {[%clk 00:05:53]} {[%emt 00:00:06]}
gxf5 {[%clk 00:19:16]} {[%emt 00:02:32]} 53. gxf5 {[%clk 00:06:19]} {[%emt
00:00:05]} exf5 {[%clk 00:15:56]} {[%emt 00:03:50]} 54. Rxf5 {[%clk 00:06:43]}
{[%emt 00:00:06]} Rb1 {[%clk 00:14:34]} {[%emt 00:01:51]} 55. Rf7+ {[%clk
00:05:56]} {[%emt 00:01:17]} Kc6 {[%clk 00:15:01]} {[%emt 00:00:03]} 56. Rxa7
{[%clk 00:05:48]} {[%emt 00:00:38]} Ra1+ {[%clk 00:15:29]} {[%emt 00:00:02]} 57.
Kb4 {[%clk 00:06:13]} {[%emt 00:00:06]} Rh1 {[%clk 00:15:57]} {[%emt 00:00:02]}
58. Rh7 {[%clk 00:05:12]} {[%emt 00:01:31]} Rxh4+ {[%clk 00:16:24]} {[%emt
00:00:03]} 59. Kc3 {[%clk 00:05:37]} {[%emt 00:00:07]} d4+ {[%clk 00:13:08]}
{[%emt 00:03:46]} 60. Kb3 {[%clk 00:04:18]} {[%emt 00:01:49]} Rh3+ {[%clk
00:10:10]} {[%emt 00:03:27]} 61. Kb4 {[%clk 00:04:42]} {[%emt 00:00:07]} Rh1
{[%clk 00:10:14]} {[%emt 00:00:25]} 62. a7 {[%clk 00:05:07]} {[%emt 00:00:07]}
Ra1 {[%clk 00:10:22]} {[%emt 00:00:21]} 63. e6 {[%clk 00:05:08]} {[%emt
00:00:29]} d3 {[%clk 00:05:04]} {[%emt 00:05:47]} 64. e7 {[%clk 00:05:29]}
{[%emt 00:00:09]} Kd7 {[%clk 00:05:21]} {[%emt 00:00:14]} 65. e8=Q+ {[%clk
00:05:27]} {[%emt 00:00:30]} Kxe8 {[%clk 00:05:49]} {[%emt 00:00:04]} 66. a8=Q+
{[%clk 00:05:41]} {[%emt 00:00:15]} Rxa8 {[%clk 00:06:16]} {[%emt 00:00:04]} 67.
Rh8+ {[%clk 00:05:58]} {[%emt 00:00:12]} Kf7 {[%clk 00:06:45]} {[%emt
00:00:01]} 68. Rxa8 {[%clk 00:06:22]} {[%emt 00:00:07]} Kg6 {[%clk 00:07:08]}
{[%emt 00:00:06]} 69. Kc3 {[%clk 00:06:36]} {[%emt 00:00:16]} 1-0

[Event "Top 12 2021"]
[Site "Chalons en Champagne, France"]
[Date "2021.07.04"]
[Round "11.2"]
[White "Real, Thibault ERD"]
[Black "Fantinel, Thibault AGE"]
[Result "0-1"]
[WhiteElo "2267"]
[BlackElo "2380"]

1. d4 {[%clk 01:30:51]} {[%emt 00:00:08]} Nf6 {[%clk 01:30:55]} {[%emt
00:00:06]} 2. Bf4 {[%clk 01:31:15]} {[%emt 00:00:05]} d5 {[%clk 01:30:19]}
{[%emt 00:01:05]} 3. e3 {[%clk 01:31:38]} {[%emt 00:00:07]} e6 {[%clk
01:30:47]} {[%emt 00:00:03]} 4. Nd2 {[%clk 01:32:00]} {[%emt 00:00:08]} Bd6
{[%clk 01:31:13]} {[%emt 00:00:04]} 5. Bg3 {[%clk 01:32:25]} {[%emt 00:00:05]}
O-O {[%clk 01:31:38]} {[%emt 00:00:05]} 6. Bd3 {[%clk 01:32:42]} {[%emt
00:00:14]} c5 {[%clk 01:31:50]} {[%emt 00:00:18]} 7. c3 {[%clk 01:32:56]}
{[%emt 00:00:16]} Qc7 {[%clk 01:31:38]} {[%emt 00:00:42]} 8. dxc5 {[%clk
01:30:48]} {[%emt 00:02:38]} Qxc5 {[%clk 01:31:44]} {[%emt 00:00:24]} 9. Ngf3
{[%clk 01:30:16]} {[%emt 00:01:03]} Nbd7 {[%clk 01:32:08]} {[%emt 00:00:06]} 10.
e4 {[%clk 01:25:02]} {[%emt 00:05:44]} Qc7 {[%clk 01:31:19]} {[%emt 00:01:18]}
11. Qe2 {[%clk 01:20:54]} {[%emt 00:04:38]} dxe4 {[%clk 01:24:52]} {[%emt
00:06:57]} 12. Nxe4 {[%clk 01:12:08]} {[%emt 00:09:16]} Nxe4 {[%clk 01:25:04]}
{[%emt 00:00:18]} 13. Bxe4 {[%clk 01:11:30]} {[%emt 00:01:08]} Nf6 {[%clk
01:20:19]} {[%emt 00:05:15]} 14. O-O-O {[%clk 00:59:58]} {[%emt 00:12:01]} Bf4+
{[%clk 00:59:26]} {[%emt 00:21:24]} 15. Kb1 {[%clk 01:00:09]} {[%emt 00:00:19]}
Bd7 {[%clk 00:59:27]} {[%emt 00:00:30]} 16. Bc2 {[%clk 00:47:47]} {[%emt
00:12:52]} Bc6 {[%clk 00:52:31]} {[%emt 00:07:26]} 17. Rd4 {[%clk 00:38:34]}
{[%emt 00:09:41]} Bxg3 {[%clk 00:46:26]} {[%emt 00:06:37]} 18. hxg3 {[%clk
00:38:52]} {[%emt 00:00:11]} h6 {[%clk 00:46:52]} {[%emt 00:00:05]} 19. Ne5
{[%clk 00:05:54]} {[%emt 00:33:28]} Rfd8 {[%clk 00:43:37]} {[%emt 00:03:44]} 20.
Rf4 {[%clk 00:01:49]} {[%emt 00:04:36]} Rd5 {[%clk 00:34:30]} {[%emt 00:09:37]}
21. Nxc6 {[%clk 00:01:08]} {[%emt 00:01:11]} bxc6 {[%clk 00:33:17]} {[%emt
00:01:43]} 22. Rc4 {[%clk 00:00:36]} {[%emt 00:01:01]} Rad8 {[%clk 00:32:14]}
{[%emt 00:01:33]} 23. Rd1 {[%clk 00:00:39]} {[%emt 00:00:28]} Qb6 {[%clk
00:22:29]} {[%emt 00:10:15]} 24. Rb4 {[%clk 00:00:33]} {[%emt 00:00:36]} Qc5
{[%clk 00:22:53]} {[%emt 00:00:06]} 25. Rb7 {[%clk 00:00:43]} {[%emt 00:00:21]}
Rxd1+ {[%clk 00:19:05]} {[%emt 00:04:18]} 26. Bxd1 {[%clk 00:01:12]} {[%emt
00:00:01]} Qd5 {[%clk 00:19:30]} {[%emt 00:00:04]} 27. Bb3 {[%clk 00:00:52]}
{[%emt 00:00:50]} Qxg2 {[%clk 00:19:39]} {[%emt 00:00:21]} 28. a3 {[%clk
00:00:33]} {[%emt 00:00:49]} Ne4 {[%clk 00:16:13]} {[%emt 00:03:56]} 29. Rxa7
{[%clk 00:00:35]} {[%emt 00:00:28]} Rd2 {[%clk 00:06:41]} {[%emt 00:10:02]} 30.
Qc4 {[%clk 00:00:51]} {[%emt 00:00:13]} Rxf2 {[%clk 00:05:53]} {[%emt
00:01:18]} 31. Ra8+ {[%clk 00:00:33]} {[%emt 00:00:49]} Kh7 {[%clk 00:06:22]}
{[%emt 00:00:01]} 32. Qd4 {[%clk 00:00:32]} {[%emt 00:00:31]} Rxb2+ {[%clk
00:05:59]} {[%emt 00:00:53]} 33. Ka1 {[%clk 00:00:58]} {[%emt 00:00:03]} Rxb3
{[%clk 00:04:46]} {[%emt 00:01:43]} 34. Rh8+ {[%clk 00:01:12]} {[%emt
00:00:16]} Kxh8 {[%clk 00:05:05]} {[%emt 00:00:12]} 35. Qxg7+ {[%clk 00:01:38]}
{[%emt 00:00:04]} Kxg7 {[%clk 00:05:29]} {[%emt 00:00:06]} 0-1

[Event "Top 12 2021"]
[Site "Chalons en Champagne, France"]
[Date "2021.07.04"]
[Round "11.3"]
[White "Ternault, Mathieu AGE"]
[Black "De Pierrefeu, Thibaut ERD"]
[Result "1-0"]
[WhiteElo "2308"]
[BlackElo "2205"]

1. d4 {[%clk 01:30:58]} {[%emt 00:00:02]} Nf6 {[%clk 01:30:51]} {[%emt
00:00:09]} 2. c4 {[%clk 01:31:23]} {[%emt 00:00:04]} c5 {[%clk 01:31:07]}
{[%emt 00:00:14]} 3. d5 {[%clk 01:31:47]} {[%emt 00:00:07]} e6 {[%clk
01:31:26]} {[%emt 00:00:11]} 4. Nc3 {[%clk 01:32:10]} {[%emt 00:00:06]} exd5
{[%clk 01:31:46]} {[%emt 00:00:10]} 5. cxd5 {[%clk 01:32:36]} {[%emt 00:00:05]}
d6 {[%clk 01:32:01]} {[%emt 00:00:15]} 6. e4 {[%clk 01:32:57]} {[%emt
00:00:09]} g6 {[%clk 01:32:24]} {[%emt 00:00:07]} 7. f4 {[%clk 01:33:07]}
{[%emt 00:00:20]} Bg7 {[%clk 01:32:41]} {[%emt 00:00:11]} 8. Bb5+ {[%clk
01:33:17]} {[%emt 00:00:21]} Nfd7 {[%clk 01:32:58]} {[%emt 00:00:13]} 9. Be2
{[%clk 01:33:14]} {[%emt 00:00:32]} O-O {[%clk 01:27:46]} {[%emt 00:05:42]} 10.
Nf3 {[%clk 01:32:59]} {[%emt 00:00:46]} Na6 {[%clk 01:22:07]} {[%emt 00:06:10]}
11. O-O {[%clk 01:32:35]} {[%emt 00:00:53]} Nc7 {[%clk 01:19:55]} {[%emt
00:02:43]} 12. a4 {[%clk 01:32:48]} {[%emt 00:00:18]} a6 {[%clk 01:19:58]}
{[%emt 00:00:27]} 13. Bd3 {[%clk 01:29:04]} {[%emt 00:04:14]} Rb8 {[%clk
01:19:08]} {[%emt 00:01:20]} 14. e5 {[%clk 01:20:30]} {[%emt 00:09:05]} dxe5
{[%clk 01:17:52]} {[%emt 00:01:46]} 15. d6 {[%clk 01:13:38]} {[%emt 00:07:21]}
Ne6 {[%clk 01:13:36]} {[%emt 00:04:45]} 16. f5 {[%clk 01:12:58]} {[%emt
00:01:11]} Nd4 {[%clk 01:07:26]} {[%emt 00:06:40]} 17. fxg6 {[%clk 01:07:48]}
{[%emt 00:05:40]} hxg6 {[%clk 01:07:22]} {[%emt 00:00:34]} 18. Nd5 {[%clk
01:02:50]} {[%emt 00:05:28]} e4 {[%clk 00:45:06]} {[%emt 00:22:46]} 19. Ne7+
{[%clk 00:52:02]} {[%emt 00:11:19]} Kh8 {[%clk 00:44:37]} {[%emt 00:00:57]} 20.
Qe1 {[%clk 00:51:20]} {[%emt 00:01:13]} Nf6 {[%clk 00:35:51]} {[%emt 00:09:16]}
21. Ne5 {[%clk 00:32:46]} {[%emt 00:19:04]} Qxd6 {[%clk 00:16:53]} {[%emt
00:19:29]} 22. Qh4+ {[%clk 00:32:25]} {[%emt 00:00:50]} Nh5 {[%emt 00:00:08]}
23. Rxf7 {[%clk 00:29:42]} {[%emt 00:03:14]} Bxe5 {[%clk 00:11:49]} {[%emt
00:05:56]} 24. Rxf8+ {[%clk 00:29:44]} {[%emt 00:00:28]} Kh7 {[%clk 00:12:08]}
{[%emt 00:00:08]} 25. Rf7+ {[%clk 00:23:51]} {[%emt 00:06:26]} Kh8 {[%clk
00:11:48]} {[%emt 00:00:49]} 26. Nxg6+ {[%clk 00:21:19]} {[%emt 00:03:03]} Qxg6
{[%clk 00:12:01]} {[%emt 00:00:16]} 27. Qd8+ {[%clk 00:21:42]} {[%emt
00:00:07]} Qg8 {[%clk 00:12:05]} {[%emt 00:00:25]} 28. Rf8 {[%clk 00:22:07]}
{[%emt 00:00:06]} Be6 {[%clk 00:11:58]} {[%emt 00:00:37]} 29. Rxg8+ {[%clk
00:22:33]} {[%emt 00:00:05]} Bxg8 {[%clk 00:12:25]} {[%emt 00:00:03]} 30. Qg5
{[%clk 00:22:26]} {[%emt 00:00:36]} 1-0

[Event "Top 12 2021"]
[Site "Chalons en Champagne, France"]
[Date "2021.07.04"]
[Round "11.5"]
[White "Favarel, Julien AGE"]
[Black "Jaouen, Valentin ERD"]
[Result "1-0"]
[WhiteElo "2338"]
[BlackElo "2112"]

1. d4 {[%clk 01:30:53]} {[%emt 00:00:07]} e6 {[%clk 01:30:43]} {[%emt
00:00:17]} 2. c4 {[%clk 01:30:32]} {[%emt 00:00:51]} b6 {[%clk 01:31:05]}
{[%emt 00:00:08]} 3. a3 {[%clk 01:30:05]} {[%emt 00:00:58]} Bb7 {[%clk
01:31:29]} {[%emt 00:00:06]} 4. Nc3 {[%clk 01:30:24]} {[%emt 00:00:10]} f5
{[%clk 01:31:40]} {[%emt 00:00:19]} 5. Nf3 {[%clk 01:27:28]} {[%emt 00:03:26]}
Nf6 {[%clk 01:31:40]} {[%emt 00:00:30]} 6. g3 {[%clk 01:25:55]} {[%emt
00:02:04]} d6 {[%clk 01:29:15]} {[%emt 00:02:55]} 7. d5 {[%clk 01:20:47]}
{[%emt 00:05:38]} e5 {[%clk 01:25:28]} {[%emt 00:04:17]} 8. Ng5 {[%clk
01:19:24]} {[%emt 00:01:54]} Bc8 {[%clk 01:21:55]} {[%emt 00:04:03]} 9. Bg2
{[%clk 01:16:14]} {[%emt 00:03:40]} Be7 {[%clk 01:17:25]} {[%emt 00:04:59]} 10.
Ne6 {[%clk 01:00:31]} {[%emt 00:16:13]} Bxe6 {[%clk 01:17:25]} {[%emt
00:00:30]} 11. dxe6 {[%clk 01:01:00]} {[%emt 00:00:02]} c6 {[%clk 01:13:15]}
{[%emt 00:04:39]} 12. e4 {[%clk 01:00:15]} {[%emt 00:01:15]} fxe4 {[%clk
01:09:19]} {[%emt 00:04:27]} 13. Nxe4 {[%clk 01:00:26]} {[%emt 00:00:19]} O-O
{[%clk 01:09:09]} {[%emt 00:00:39]} 14. b4 {[%clk 00:56:52]} {[%emt 00:04:04]}
Nxe4 {[%clk 00:52:38]} {[%emt 00:17:01]} 15. Bxe4 {[%clk 00:57:12]} {[%emt
00:00:10]} b5 {[%clk 00:53:00]} {[%emt 00:00:08]} 16. Qc2 {[%clk 00:39:21]}
{[%emt 00:18:21]} bxc4 {[%clk 00:48:43]} {[%emt 00:04:47]} 17. Bxh7+ {[%clk
00:39:21]} {[%emt 00:00:29]} Kh8 {[%clk 00:49:08]} {[%emt 00:00:05]} 18. Bg6
{[%clk 00:38:40]} {[%emt 00:01:12]} Rf6 {[%clk 00:32:56]} {[%emt 00:16:41]} 19.
Bf7 {[%clk 00:36:58]} {[%emt 00:02:12]} Qf8 {[%clk 00:28:34]} {[%emt 00:04:52]}
20. Qxc4 {[%clk 00:36:08]} {[%emt 00:01:20]} Rxf7 {[%clk 00:28:43]} {[%emt
00:00:22]} 21. exf7 {[%clk 00:36:06]} {[%emt 00:00:32]} d5 {[%clk 00:29:10]}
{[%emt 00:00:02]} 22. Qg4 {[%clk 00:35:47]} {[%emt 00:00:48]} Qxf7 {[%clk
00:29:10]} {[%emt 00:00:31]} 23. Qc8+ {[%clk 00:35:01]} {[%emt 00:01:16]} Bf8
{[%clk 00:28:30]} {[%emt 00:01:09]} 24. Bb2 {[%clk 00:33:18]} {[%emt 00:02:13]}
Kg8 {[%clk 00:23:28]} {[%emt 00:05:32]} 25. Rc1 {[%clk 00:31:02]} {[%emt
00:02:45]} a5 {[%clk 00:20:46]} {[%emt 00:03:13]} 26. b5 {[%clk 00:29:00]}
{[%emt 00:02:31]} cxb5 {[%clk 00:18:27]} {[%emt 00:02:49]} 27. O-O {[%clk
00:27:16]} {[%emt 00:02:15]} d4 {[%clk 00:17:50]} {[%emt 00:01:07]} 28. Qd8
{[%clk 00:21:25]} {[%emt 00:06:20]} Qf3 {[%clk 00:16:26]} {[%emt 00:01:54]} 29.
Qe8 {[%clk 00:20:00]} {[%emt 00:01:56]} Na6 {[%clk 00:14:30]} {[%emt 00:02:26]}
30. Qxe5 {[%clk 00:17:48]} {[%emt 00:02:41]} b4 {[%clk 00:05:52]} {[%emt
00:09:09]} 31. axb4 {[%clk 00:15:42]} {[%emt 00:02:36]} Nxb4 {[%clk 00:05:52]}
{[%emt 00:00:30]} 32. Qxd4 {[%clk 00:15:34]} {[%emt 00:00:37]} Ra6 {[%clk
00:03:23]} {[%emt 00:02:59]} 33. Rc8 {[%clk 00:13:14]} {[%emt 00:02:50]} Rf6
{[%clk 00:03:05]} {[%emt 00:00:48]} 34. Qc4+ {[%clk 00:12:51]} {[%emt
00:00:53]} Rf7 {[%clk 00:03:31]} {[%emt 00:00:04]} 35. Rxf8+ {[%clk 00:09:08]}
{[%emt 00:04:14]} Kxf8 {[%clk 00:03:57]} {[%emt 00:00:04]} 36. Qc8+ {[%clk
00:09:28]} {[%emt 00:00:09]} Ke7 {[%clk 00:04:25]} {[%emt 00:00:02]} 37. Qc7+
{[%clk 00:09:45]} {[%emt 00:00:12]} Ke6 {[%clk 00:04:34]} {[%emt 00:00:22]} 38.
Re1+ {[%clk 00:10:05]} {[%emt 00:00:10]} Kd5 {[%clk 00:04:32]} {[%emt
00:00:33]} 39. Re5# {[%emt 00:03:14]} 1-0

[Event "Top 12 2021"]
[Site "Chalons en Champagne, France"]
[Date "2021.07.04"]
[Round "11.6"]
[White "Le Pen, Steven ERD"]
[Black "Boukhris-Ferre, Yacine AGE"]
[Result "0-1"]
[WhiteElo "2107"]
[BlackElo "2185"]

1. e4 {[%clk 01:30:45]} {[%emt 00:00:15]} e5 {[%clk 01:30:56]} {[%emt
00:00:05]} 2. Nf3 {[%clk 01:30:56]} {[%emt 00:00:19]} Nc6 {[%clk 01:31:21]}
{[%emt 00:00:05]} 3. d4 {[%clk 01:30:01]} {[%emt 00:01:25]} exd4 {[%clk
01:31:38]} {[%emt 00:00:14]} 4. Nxd4 {[%clk 01:30:24]} {[%emt 00:00:06]} g6
{[%clk 01:31:48]} {[%emt 00:00:20]} 5. Be3 {[%clk 01:24:48]} {[%emt 00:06:06]}
Bg7 {[%clk 01:31:31]} {[%emt 00:00:47]} 6. Nc3 {[%clk 01:21:18]} {[%emt
00:03:58]} Nf6 {[%clk 01:30:54]} {[%emt 00:01:08]} 7. Nxc6 {[%clk 01:18:36]}
{[%emt 00:03:13]} bxc6 {[%clk 01:31:09]} {[%emt 00:00:15]} 8. e5 {[%clk
01:08:14]} {[%emt 00:10:52]} Ng8 {[%clk 01:31:20]} {[%emt 00:00:19]} 9. f4
{[%clk 01:06:53]} {[%emt 00:01:51]} d6 {[%clk 01:23:44]} {[%emt 00:08:05]} 10.
exd6 {[%clk 01:06:11]} {[%emt 00:01:11]} cxd6 {[%clk 01:21:53]} {[%emt
00:02:22]} 11. Qf3 {[%clk 01:04:10]} {[%emt 00:02:31]} Ne7 {[%clk 01:20:15]}
{[%emt 00:02:08]} 12. Bd2 {[%clk 00:52:42]} {[%emt 00:11:57]} Rb8 {[%clk
01:18:41]} {[%emt 00:02:04]} 13. b3 {[%clk 00:50:26]} {[%emt 00:02:47]} O-O
{[%clk 01:16:16]} {[%emt 00:02:56]} 14. O-O-O {[%clk 00:44:16]} {[%emt
00:06:40]} Nf5 {[%clk 01:01:25]} {[%emt 00:15:20]} 15. Qxc6 {[%clk 00:38:49]}
{[%emt 00:05:57]} Nd4 {[%clk 00:52:00]} {[%emt 00:09:55]} 16. Qa4 {[%clk
00:34:52]} {[%emt 00:04:26]} Bf5 {[%clk 00:33:15]} {[%emt 00:19:16]} 17. Bd3
{[%clk 00:33:17]} {[%emt 00:02:05]} Bxd3 {[%clk 00:25:57]} {[%emt 00:07:48]} 18.
cxd3 {[%clk 00:33:37]} {[%emt 00:00:10]} Qf6 {[%clk 00:25:40]} {[%emt
00:00:47]} 19. Rde1 {[%clk 00:24:57]} {[%emt 00:09:10]} Rfc8 {[%clk 00:22:50]}
{[%emt 00:03:19]} 20. Kd1 {[%clk 00:24:48]} {[%emt 00:00:40]} Qf5 {[%clk
00:20:56]} {[%emt 00:02:24]} 21. Re4 {[%clk 00:18:43]} {[%emt 00:06:35]} Ne6
{[%clk 00:12:46]} {[%emt 00:08:40]} 22. Qxa7 {[%clk 00:08:52]} {[%emt
00:10:20]} Ra8 {[%clk 00:06:24]} {[%emt 00:06:53]} 23. Qb7 {[%clk 00:08:15]}
{[%emt 00:01:06]} Bxc3 {[%clk 00:03:01]} {[%emt 00:03:53]} 24. Bxc3 {[%clk
00:06:39]} {[%emt 00:02:06]} Nc5 {[%clk 00:03:25]} {[%emt 00:00:06]} 25. Qb4
{[%clk 00:05:32]} {[%emt 00:01:37]} Nxe4 {[%clk 00:03:31]} {[%emt 00:00:25]} 26.
dxe4 {[%clk 00:05:41]} {[%emt 00:00:22]} Qg4+ {[%clk 00:02:55]} {[%emt
00:01:05]} 27. Kc1 {[%clk 00:04:49]} {[%emt 00:01:21]} Rxc3+ {[%clk 00:02:19]}
{[%emt 00:01:07]} 28. Qxc3 {[%clk 00:03:55]} {[%emt 00:01:24]} Rc8 {[%clk
00:02:44]} {[%emt 00:00:05]} 29. Qxc8+ Qxc8+ {[%clk 00:03:13]} 30. Kd2 {[%clk
00:03:48]} {[%emt 00:00:22]} Qa8 {[%clk 00:03:21]} {[%emt 00:00:22]} 0-1